| 000 | 00678nam a2200217 a 4500 | ||
|---|---|---|---|
| 001 | 5106 | ||
| 003 | CO-ViMGA | ||
| 008 | 141112s2004 ck r 000 u spa d | ||
| 020 | _a3769805208 | ||
| 040 |
_aCO-ViMGA _bspa _cCO-ViMGA |
||
| 082 | 0 | 4 | _a370.7122 M855 |
| 100 | 1 |
_aMuller, A _93375 |
|
| 245 | 1 | 0 |
_aJuego libre en el jardín de infancia / _cCaiati M. , Delac S. , Muller A. |
| 250 | _aPrimera | ||
| 260 |
_aBarcelona : _bCEAC, _c1986 |
||
| 300 | _a158 p : | ||
| 490 | _aEducación y enseñanza | ||
| 505 | _aPor que un libro sobre el juego libre?. Concepciones educativas y postura metodologica. Escenas | ||
| 650 | 1 | 4 |
_aeducación PREESCOLAR _94994 |
| 942 |
_2ddc _cBK |
||
| 999 |
_c17107 _d17107 |
||